قصص عظماء الإسلام أبطالها الخلفاء الراشدين رضي الله عنهم و رضوا عنه / (رقم التسجيلة. 90690)

تفاصيل مارك
000 -LEADER
fixed length control field 00713nam a22001937a 4500
005 - DATE AND TIME OF LATEST TRANSACTION
control field 20251108172857.0
008 - FIXED-LENGTH DATA ELEMENTS--GENERAL INFORMATION
fixed length control field 250721s2004 xx 000 0 ara d
082 14 - DEWEY DECIMAL CLASSIFICATION NUMBER
Classification number 219.9/مصط
100 1# - MAIN ENTRY--PERSONAL NAME
Personal name مصطفى، اسامه نعيم
245 10 - TITLE STATEMENT
Title قصص عظماء الإسلام أبطالها الخلفاء الراشدين رضي الله عنهم و رضوا عنه /
246 13 - VARYING FORM OF TITLE
Title proper/short title أبو بكر الصديق ,عمر بن الخطاب , عثمان بن عفان , علي بن أبي طالب
264 1# - PRODUCTION, PUBLICATION, DISTRIBUTION, MANUFACTURE, AND COPYRIGHT NOTICE
Place of production, publication, distribution, manufacture حلب :
Name of producer, publisher, distributor, manufacturer دار الرضوان،
Date of production, publication, distribution, manufacture, or copyright notice 2004.
300 ## - PHYSICAL DESCRIPTION
Extent 72 ص.
650 17 - SUBJECT ADDED ENTRY--TOPICAL TERM
Topical term or geographic name as entry element السيرة النبوية
650 17 - SUBJECT ADDED ENTRY--TOPICAL TERM
Topical term or geographic name as entry element القصص
650 17 - SUBJECT ADDED ENTRY--TOPICAL TERM
Topical term or geographic name as entry element الصحابة
942 ## - ADDED ENTRY ELEMENTS (KOHA)
Source of classification or shelving scheme Dewey Decimal Classification
Koha item type كتب
المقتنيات
حالة السحب حالة الفقدان مصدر التصنيف حالة التلف غير قابل للإعارة المكتبة الرئيسية المكتبة الحالية موقع الرف تاريخ التزويد الرقم المتسلسل Total Checkouts رقم الإستدعاء الباركود تاريخ آخر ظهور تاريخ الفاتورة نوع المادة (كوها)
    Dewey Decimal Classification   Not For Loan المكتبة المركزية المكتبة المركزية مقتنيات قسم التزويد 28/07/2025 806279   219.9/مصط 806279 28/07/2025 28/07/2025 كتب
    Dewey Decimal Classification     مكتبة صويلح العامة مكتبة صويلح العامة الأطفال 29/07/2019 583444   219.9/مصط PLD00460054 28/07/2025 29/07/2019 كتب
    Dewey Decimal Classification     مكتبة عدن للأطفال مكتبة عدن للأطفال الإعارة 28/07/2025 806280   219.9/مصط 806280 28/07/2025 28/07/2025 كتب
Implemented & Customized by: BBB with SCIT (Smart Chains for Information Technology)

Powered by Koha